American Companies - Sudden Death - Statistics

General Stats
  • This quiz has been taken 3,307 times
  • The average score is 12 of 28
Answers on the Grid
Answers color-coded by a green-red scale on the quiz's grid according to % correct below.
Adobe
Alphabet
Amazon
America Movil
Apple
BlackRock
Boeing
BP
Capital One
Caterpillar
Coca-Cola
Dell
Disney
Ferrari
Ford
HSBC
JP Morgan
Mastercard
McDonalds
Meta
Microsoft
Nestle
Netflix
NVIDIA
Palantir
Pepsico
Pfizer
Ryanair
Samsung
Scotiabank
Shell
Shopify
Spotify
Starbucks
Tesla
Uber
Unilever
Verizon
Visa
Walmart
 
Answer Stats
Answer % Correct
Amazon
83%
Apple
76%
Disney
70%
Microsoft
66%
Coca-Cola
64%
McDonalds
64%
Ford
58%
Netflix
52%
JP Morgan
51%
Walmart
49%
Adobe
48%
Boeing
48%
Starbucks
48%
Meta
47%
Tesla
43%
Alphabet
40%
Pepsico
37%
Mastercard
34%
Dell
33%
BlackRock
31%
Capital One
31%
Uber
31%
Verizon
27%
Visa
27%
Caterpillar
24%
NVIDIA
23%
Pfizer
23%
Palantir
15%
No matching quizzes found
Score Distribution
Percent of People with Each Score
Percentile by Number Answered
Your Score History
You have not taken this quiz